书目信息 |
| 题名: |
富爸爸 穷爸爸
|
|
| 作者: | 罗伯特.T.清崎 ;杨军 译 | |
| 分册: | ||
| 出版信息: | 北京 世界图书出版公司 2000 |
|
| 页数: | 205 | |
| 开本: | 23cm | |
| 丛书名: | ||
| 单 册: | ||
| 中图分类: | F063.4 | |
| 科图分类: | ||
| 主题词: | 经济学--分支科学 | |
| 电子资源: | ||
| ISBN: | 7-5062-4674-0 | |
| 000 | 00607nam0 2200193 450 | |
| 001 | 0760515518 | |
| 005 | 20070817164835.51 | |
| 010 | @a7-5062-4674-0@d¥18.80 | |
| 100 | @a20070817d km y0chiy0120 ea | |
| 101 | 0 | @achi |
| 200 | 1 | @a富爸爸 穷爸爸@Afu ba ba qiong ba ba@f(美)罗伯特.T.清崎@F(mei)luo bo te.T.qing qi@g杨军等译@Gyang jun deng yi |
| 210 | @a北京@c世界图书出版公司@d2000 | |
| 215 | @a205@d23cm | |
| 606 | 0 | @a经济学@x分支科学 |
| 690 | @aF063.4@v3 | |
| 701 | 0 | @a罗伯特.T.清崎@Aluo bo te.T.qing qi |
| 702 | 0 | @a杨军@Ayang jun@4译 |
| 801 | 0 | @aCN@bPFT@c20070817 |
| 905 | @a213230@dF063.4@eg71@f1 | |
| 富爸爸 穷爸爸/(美)罗伯特.T.清崎/杨军等译.-北京:世界图书出版公司,2000 |
| 205;23cm |
| ISBN 7-5062-4674-0:¥18.80 |
| ● |
| 相关链接 |
|
|
|
|
正题名:富爸爸 穷爸爸
索取号:F063.4/g71
 
预约/预借
| 序号 | 登录号 | 条形码 | 馆藏地/架位号 | 状态 | 备注 |
| 1 | 6501714 | 265017144 | 密集书库-海洋学院/ [索取号:F063.4/g71] | 在馆 |